Greatest Classical Pianists by Picture - Statistics

General Stats
  • This quiz has been taken 243 times
  • The average score is 8 of 16
Answer Stats
Picture Answer % Correct
Lang Lang
81%
Vladimir Horowitz
76%
Martha Argerich
65%
Daniel Barenboim
64%
Glenn Gould
62%
Yuja Wang
62%
Evgeny Kissin
60%
Arthur Rubinstein
53%
Daniil Trifonov
46%
Sviatoslav Richter
39%
Vladimir Ashkenazy
39%
Claudio Arrau
31%
Grigory Sokolov
31%
Arturo Benedetti Michelangeli
27%
György Cziffra
23%
Murray Perahia
21%
No matching quizzes found
Score Distribution
Percent of People with Each Score
Percentile by Number Answered
Your Score History
You have not taken this quiz